00415nam a2200157 a 450000100060000000300090000600800410001502000150005604000280007108200170009910000200011624500470013626000440018330000110022765000190023817226CO-ViMGA141112s2004 ck r 000 u spa d a8423310515 aCO-ViMGAbspacCO-ViMGA04a891.86 H373a1 aHasek, Jaroslav10aLas aventuras del valeroso soldado Schwejk aBarcelona (España), cDestino, c1981 a323.p.14aNOVELA - CHECA